| 000 | 01062 a2200229 4500 | ||
|---|---|---|---|
| 003 | Nust | ||
| 005 | 20221228132228.0 | ||
| 010 | _a 2001058081 | ||
| 020 | _a812970403X | ||
| 040 | _cNust | ||
| 082 | 0 | 0 | _a621.395,LEU |
| 100 | 1 |
_aLeung, Bosco. _9106209 |
|
| 245 | 1 | 0 |
_aVLSI for wireless communication / _cBosco Leung. |
| 260 |
_aUpper Saddle River, NJ : _bPrentice Hall, _cc2002. |
||
| 300 |
_axviii,366 p. : _bill. ; _c27 cm. |
||
| 440 | 0 |
_aPrentice Hall electronics and VLSI series _987292 |
|
| 505 | _aCommunications Concepts (Page-1), Receiver Architectures (Page-42), Low Noise Amplifier (Page-74), Active Mixer (Page-118), Passive Mixer (Page-170), Analog to Digital Converters (Page-217), Frequency Synthesizer (Page-258), Frequency Synthesizer: Loop Filter and System Design (Page-316). | ||
| 650 | 0 |
_aIntegrated circuits _xVery large scale integration _xDesign and construction. _955710 |
|
| 650 | 0 |
_aRadio circuits _xDesign and construction. _9105198 |
|
| 650 | 0 |
_aWireless communication systems _xDesign and construction. _9106210 |
|
| 942 |
_2ddc _cBK |
||
| 999 |
_c178732 _d178732 |
||